Bunraku : The puppet theater

This book takes the reader directly into the Bunraku thater and behind the scenes for a look at its history, its techniques, and its repertoire. the approach is largerly visual one, as the generous selection of illustrations makes clear. puppet types, scenes from famous plays, views of onstage and b...

詳細記述

保存先:
書誌詳細
第一著者: Ando, Tsuruo
フォーマット: 図書
言語:Undetermined
出版事項: New York Walker/Weatherhill 1970
主題:
タグ: タグ追加
タグなし, このレコードへの初めてのタグを付けませんか!
Thư viện lưu trữ: Trung tâm Học liệu Trường Đại học Cần Thơ
LEADER 01069nam a2200229Ia 4500
001 CTU_107844
008 210402s9999 xx 000 0 und d
020 |c 340000 
082 |a 791.530952 
082 |b A552 
100 |a Ando, Tsuruo 
245 0 |a Bunraku : 
245 4 |b The puppet theater 
245 0 |c Tsuruo Ando 
260 |a New York 
260 |b Walker/Weatherhill 
260 |c 1970 
520 |a This book takes the reader directly into the Bunraku thater and behind the scenes for a look at its history, its techniques, and its repertoire. the approach is largerly visual one, as the generous selection of illustrations makes clear. puppet types, scenes from famous plays, views of onstage and backstage activity, drawings and paintings from Bunraku's long history all these complement a text that re-creates the actual atmostphere of the theater and provides as many pleasures as the pictures themselves. 
650 |a Bunraku 
650 |x Pictorial works 
904 |i Bạch Trúc 
980 |a Trung tâm Học liệu Trường Đại học Cần Thơ